Bonner Jahrbücher: des LVR-Landesmuseums Bonn und des LVR-Amtes für Bodendenkmalpflege im Rheinland sowie des Vereins von Altertumsfreunden im Rheinlande
Gorde:
| Formatua: | Liburua |
|---|---|
| Hizkuntza: | alemana |
| Argitaratua: |
Darmstadt
Philipp von Zabern
2013
|
| Edizioa: | 1a. ed |
| Gaiak: | |
| Etiketak: |
Etiketa erantsi
Etiketarik gabe, Izan zaitez lehena erregistro honi etiketa jartzen!
|
MARC
| LEADER | 00000cam a2200000 a 4500 | ||
|---|---|---|---|
| 001 | UCE8594 | ||
| 003 | CL-VaPUC | ||
| 005 | 20240821123015.0 | ||
| 008 | 150820e20130000gw |||||||||||||||||ger|d | ||
| 999 | |c 360396 |d 360394 | ||
| 020 | |a 9783805349123 | ||
| 040 | |c Pontificia Universidad Católica de Valparaíso | ||
| 082 | 0 | 4 | |a 940 BON 2013 |2 21 |
| 245 | 1 | 0 | |a Bonner Jahrbücher: des LVR-Landesmuseums Bonn und des LVR-Amtes für Bodendenkmalpflege im Rheinland sowie des Vereins von Altertumsfreunden im Rheinlande |
| 250 | |a 1a. ed | ||
| 260 | |a Darmstadt |b Philipp von Zabern |c 2013 | ||
| 300 | |a v | ||
| 500 | |a 21-8-2024 Recibido en Canjey Donación. Landschaftsverband Rheinland LVR-Landes Museum Bonn, Germany. | ||
| 583 | |a last modification |c 20190418 11:19:31 |k Rodrigo Vera | ||
| 650 | 0 | |a Historia de Europa |9 392003 | |
| 942 | |c BK |2 ddc | ||
| 945 | |d 20150820 22:36:00 |a dcastane | ||
| 952 | |0 0 |1 0 |3 erd |4 0 |6 940_000000000000000_BON_2013 |7 0 |8 A |9 470180 |a BIBHIS |b BIBHIS |h v.213 |i 5194423 |o 940 BON 2013 |p 5194423 |r 2025-01-20 |w 2019-11-23 |y BK |z Catalogado en:20150820 |k HIS | ||
| 952 | |0 0 |1 0 |3 erd |4 0 |6 940_000000000000000_BON_2013 |7 0 |8 A |9 470181 |a BIBHIS |b BIBHIS |h v.215 |i 539516K |o 940 BON 2013 |p 539516K |r 2025-01-20 |w 2019-11-23 |y BK |z Catalogado en:20170609 |k HIS | ||
| 952 | |0 0 |1 0 |3 erd |4 0 |6 940_000000000000000_BON_2013 |7 0 |8 A |9 470182 |a BIBHIS |b BIBHIS |h v.216 |i 5469457 |o 940 BON 2013 |p 5469457 |r 2025-01-20 |w 2019-11-23 |y BK |z Catalogado en:20180511 |k HIS | ||
| 952 | |0 0 |1 0 |3 erd |4 0 |6 940_000000000000000_BON_2013 |7 0 |8 A |9 470183 |a BIBHIS |b BIBHIS |h v.217 |i 5544130 |o 940 BON 2013 |p 5544130 |r 2025-01-20 |w 2019-11-23 |y BK |z Catalogado en:20190418 |k HIS | ||
| 952 | |0 0 |1 0 |2 ddc |4 0 |6 940_000000000000000_BON_2018 |7 0 |8 A |9 578286 |a BIBHIS |b BIBHIS |d 2021-06-24 |h v.218 |i 5622603 |o 940 BON 2018 |p 5622603 |r 2025-01-20 |t 1 |w 2021-06-24 |y BK |k HIS | ||
| 952 | |0 0 |1 0 |2 ddc |4 0 |6 940_000000000000000_BON_2021 |7 0 |8 A |9 589622 |a BIBHIS |b BIBHIS |d 2023-04-12 |e Donación |h v.221 |i 5656866 |o 940 BON 2021 |p 5656866 |r 2025-01-20 |t 1 |w 2021-06-24 |y BK |k HIS | ||
| 952 | |0 0 |1 0 |2 ddc |4 0 |6 940_000000000000000_BON_2022 |7 0 |8 A |9 596334 |a BIBHIS |b BIBHIS |d 2024-08-21 |e Donación |h v.222 |i 5662421 |o 940 BON 2022 |p 5662421 |r 2024-08-21 |t 1 |w 2024-08-21 |y BK |k HIS | ||
| 952 | |0 0 |1 0 |2 ddc |4 0 |6 940_000000000000000_BON_2023 |7 0 |8 A |9 602762 |a BIBHIS |b BIBHIS |d 2025-04-28 |e Donación |h v.223 |i 5667302 |o 940 BON 2023 |p 5667302 |r 2025-04-28 |t 1 |w 2025-04-28 |y BK |k HIS | ||